| 000 | 00393nam a22001697a 4500 | ||
|---|---|---|---|
| 003 | NUST | ||
| 020 | _a978-1-119-953401 | ||
| 038 | _aKhadija | ||
| 082 |
_a629.1341 _bSAD |
||
| 100 |
_aSadraey, Mohammad H. _983821 |
||
| 245 | _aAircraft Design | ||
| 260 |
_aNew Delhi : _bJohn Wiley _c2013. |
||
| 300 |
_a778 p. ; _b25 cm. |
||
| 500 | _aPaperback. | ||
| 563 | _aHardcover | ||
| 942 |
_cBK _2ddc |
||
| 999 |
_c34081 _d34081 |
||